Mastery of the financial accounting research system through cases / (Record no. 344795)

000 -LEADER
fixed length control field 01929 a2200193 4500
020 ## - INTERNATIONAL STANDARD BOOK NUMBER
International Standard Book Number 0471200735
020 ## - INTERNATIONAL STANDARD BOOK NUMBER
International Standard Book Number 9780471200734
090 ## - LOCALLY ASSIGNED LC-TYPE CALL NUMBER (OCLC); LOCAL CALL NUMBER (RLIN)
-- 2294
-- 2294
100 1# - MAIN ENTRY--PERSONAL NAME
Personal name Wallace, Wanda A.
245 10 - TITLE STATEMENT
Title Mastery of the financial accounting research system through cases /
Statement of responsibility, etc. Wanda A. Wallace.
260 ## - PUBLICATION, DISTRIBUTION, ETC.
Place of publication, distribution, etc. [S.l.] :
Name of publisher, distributor, etc. Wiley,
Date of publication, distribution, etc. 2002.
300 ## - PHYSICAL DESCRIPTION
Extent 320 p. ;
Dimensions 26 cm.
490 1# - SERIES STATEMENT
Series statement Fars.
500 ## - GENERAL NOTE
General note Paperback.
520 ## - SUMMARY, ETC.
Summary, etc. FARS provides effective and efficient access to all the necessary accounting literature from the Financial Accounting Standards Board (FASB) and Emerging Issues Task Force (EITF). The Infobases contained in FARS are: Original Pronouncements, Current Text, EITF Abstracts, Implementation Guides and a Comprehensive Topical Index—with other topical resources such as that on Derivatives Instruments and Hedging Activities and the FARS Reference Guide . The first edition of Mastery of the Financial Accounting Research System (FARS) Through Cases by Wanda A. Wallace is the first casebook actually designed to support the use of FARS in the classroom. It is appropriate for undergraduate and graduate students: either as a required text or supplement to an exisiting one. All the short exercises, intermediate level problems (‘brain teasers) and actual cases have been designed to familarize students with existing accounting literature, help them solve real world problem scenarios, and become accustomed to using databases as a source of information. A FARS Primer provides instruction on using the database, and a section titled ‘Resources Beyond FARS explores other sources of potential information related to accounting literature and business anal
856 ## - ELECTRONIC LOCATION AND ACCESS
Materials specified Amazon.com
Uniform Resource Identifier <a href="http://www.amazon.com/exec/obidos/ASIN/0471200735/chopaconli">http://www.amazon.com/exec/obidos/ASIN/0471200735/chopaconli</a>
856 ## - ELECTRONIC LOCATION AND ACCESS
Materials specified Amazon customer reviews
Uniform Resource Identifier <a href="http://www.chopac.org/cgi-bin/tools/azrev.pl?q=04712">http://www.chopac.org/cgi-bin/tools/azrev.pl?q=04712</a>
942 ## - ADDED ENTRY ELEMENTS (KOHA)
Institution code [OBSOLETE] NBS
Koha item type Book
Call number prefix 657 WAL
Holdings
Withdrawn status Lost status Damaged status Not for loan Permanent Location Current Location Date acquired Total Checkouts Full call number Barcode Date last seen Price effective from Koha item type
        Central Library (CL) Central Library (CL) 08/28/2013   657 WAL NBS4880 08/28/2013 08/28/2013 Book
© 2023 Central Library, National University of Sciences and Technology. All Rights Reserved.